00529nam a22002175b 4500001001100000003000900011005001700020007001100037008003900048016001300087035000600100040002500106080000600131100002800137245005200165260004500217300002500262490000900287504000600296830000900302 000396367DO-SdBNP20180202135847.0 000396367940308s19uu sp| |||| ||spa 7 a 2BPMSU a  aBPMSUbspacBPMSUe  0a 1 a Pia Giudici, María 10aMadre y maestra /cPia Giudici, María h b  a Barcelona:bLibreria Salesiana c[190?] a205 p.: c20 cm. b  a v  a  a v